000
00382nam a2200133Ia 4500
008
151001s9999||||xx |||||||||||||| ||und||
100
_a
भीमराज शर्मा
245
_a
आत्मविश्र्वास और सफल
250
_a
1
260
_b
विनय पब्लिकेशन
260
_c
2008
300
_a
132
365
_b
21
999
_c
995239
_d
995236